000 00489nam a2200193Ia 4500
008 210210b2007 xxu||||| |||| 00| 0 eng d
020 _a8122420516
041 _aeng
082 _a519.50574 ANNT
100 _aANNADURAI (B)
245 _aTextbook of biostatistics
260 _aNew Delhi
_bNew Age International (P) Limited Publishers
_c2007
300 _axxi,368
650 _aTextbook
650 _aof
650 _abiostatistics
690 _aBiostatistics
906 _a062561
999 _c117670
_d117670